| 000 | 01265nam a22003257a 4500 | ||
|---|---|---|---|
| 999 |
_c29520 _d29491 |
||
| 003 | EG-ScBUE | ||
| 005 | 20210930102251.0 | ||
| 008 | 210927s2008 ua a f b 000 0 ara d | ||
| 017 | _a2008/9694 | ||
| 020 | _a9789776231481 | ||
| 040 |
_aEG-ScBUE _bara _erda _cEG-ScBUE _dEG-ScBUE |
||
| 043 | _af-ua--- | ||
| 082 | 0 | 4 |
_a379.62 _bف ا ر _222 |
| 100 | 1 |
_aفاروق، عبد الخالق، _eمؤلف. |
|
| 245 | 1 | 0 |
_aكم ينفق المصريون على التعليم ؟ / _cعبد الخالق فاروق ؛ تقديم أ. د. حامد عمار. |
| 250 | _aالطبعة الأولى. | ||
| 264 | 1 |
_aالقاهرة : _bدار العين للنشر والتوزيع، _c2008. |
|
| 300 |
_a227 صفحة : _bجداول ؛ _c26 سم |
||
| 336 |
_2rdacontent _aنص _btxt |
||
| 337 |
_2rdamedia _aبدون وسيط _bn |
||
| 338 |
_2rdacarrier _aمجلد _bnc |
||
| 500 | _aيشتمل على ملاحق. | ||
| 504 | _aيشتمل على إرجاعات ببليوجرافية. | ||
| 541 |
_cDonation ; _aعبد الخالق فاروق. |
||
| 650 | 7 |
_aالتعليم _xاقتصاديات _zمصر. _2BUEsh |
|
| 653 | 7 |
_aBUEsh _bGGEN _cSeptember2021 |
|
| 655 | 7 |
_2BUEsh _vReading book _934232 |
|
| 700 | 1 |
_aعمار، حامد، _eمقدم. |
|
| 942 | _2ddc | ||